00738nab a2200217 uc450000100070000000500170000700800410002403500110006503500210007604000130009704100080011010000380011824500720015665000320022865000360026065000400029665000330033677301220036994200100049199900190050158343120240201133315.0000310e19991101 spa  a583431 a(OCoLC)819823638 ccomduadb aspa10aMorosini, Piero4auteaut930451510aMega-fusiones : El autentico reto empieza tras la firma del acuerdo aFusión de empresas915614 aFusiones internacionales924838 7aCompanias consolidadas2lemb913975 7aGlobalización2lemb9154580 tHarvard Deusto Business Review (Barcelona)gNúmero 093, Noviembre-Diciembre 1999, p. 4-10w373791z0210900X0112195 cARIMP c143816d143816